000 00943nam a2200253Ia 4500
003 OSt
005 20220923211807.0
006 a|||||r|||| 00| 0
007 ta
008 220922b |||||||| |||| 00| 0 hin d
024 _a56,286
037 _cTextual
040 _aARTS
_cARTS
_bhin
041 _2hin
_ahin
082 _aP151, 152K8 (P15)
100 _aवूल्नर, आल्फ्रेड सी0; जैन, बनारसीदास, अनु
_9161504
245 0 _aप्राकृत प्रवेशिका
246 _aPrākṛut praveshikā
260 _aदिल्ली
_b ओरियेन्टल बुक्स
_c1968
300 _a281पृ.
_ccm.
650 _aप्राकृत भाषा
942 _hP151, 152K8 (P15)
_cTEXL
_2CC
999 _c303677
_d303677